Sistemas de información para el registro académico en el Instituto Tecnológico de Computación y Métodos (I.T.C.M.)

Presenta un sistema de información que permita automatizar el registro y control académico de los estudiantes de ITCM. Se plantea un análisis de la situación actual en la que se encuentra ITCM, analiza los requerimientos a fin de percibir el comportamiento del sistema y aplica las normas del dis...

Full description

Bibliographic Details
Main Authors: Martínez Miranda, José Luis, Robleto Sánchez, Isaías Davis, Meléndez Hernández, Francisco Antonio
Other Authors: Tutor: Espinoza Aragón; Evelyn del Carmen
Format: Tesis Section = Libro
Language:Undetermined
Spanish
Published: Managua UNI 2007
Subjects:
LEADER 01312nam a2200265Ia 4500
008 240830s9999 xx 000 0 und d
040 |a BIBLIOTECA-RUPAP Mon 025.04 M385 
041 |a spa 
082 |a Mon 025.04 M385 
100 1 |a Martínez Miranda, José Luis 
100 1 |b  Robleto Sánchez, Isaías Davis 
100 1 |c  Meléndez Hernández, Francisco Antonio 
245 1 0 |a Sistemas de información para el registro académico en el Instituto Tecnológico de Computación y Métodos (I.T.C.M.) 
260 |a Managua  |b UNI  |c 2007 
300 |a 95 p. :il. 
502 |a Tesis (Ingeniero de Sistemas)- UNI, 2007. 
520 3 |a Presenta un sistema de información que permita automatizar el registro y control académico de los estudiantes de ITCM. Se plantea un análisis de la situación actual en la que se encuentra ITCM, analiza los requerimientos a fin de percibir el comportamiento del sistema y aplica las normas del diseño que conlleva a la generación de un sistema eficiente. 
650 7 |a SISTEMA DE INFORMACIÓN AUTOMATIZADO - REGISTRO ITCM 
650 7 |b ANÁLISIS Y DISEÑO DE SISTEMAS UML 
650 7 |c ANÁLISIS DE RED 
650 7 |d PROTOCOLOS Y COMUNICACIÓN 
700 1 |a Tutor:  |b Espinoza Aragón; Evelyn del Carmen 
942 |c BK  |2 ddc 
991 |a TESIS 
999 |c 15378